000 00547nas a22001817a 4500
003 koha_MIRAKIL
005 20231213100414.0
008 231213b |||||||| |||| 00| 0 ||| d
022 _a21488622
040 _aTR-IsEVY
_btur
_cTR-IsEVY
082 _aPER
245 0 _aSüper penguen
_bÇocuk mizah dergisi
300 _a50 s.
500 _aSüper Penguen Haziran 2019 sayısı hediyesidir.
650 _aAralık 2017 37
650 _aÇocuk dergileri -- Mizah - Karikatür -- Children's periodicals -- Humor - Caricature
942 _2ddc
_cSR
999 _c19421
_d19421